000 00528naa a2200205 i 4500
001 69350
003 ES-MaBCM
005 20241016115634.0
008 000904s2000 fra 000 0 fre d
021 _axx
035 _a(OCoLC)1365233739
040 _cES-MaBCM
041 0 _afre
043 _afra
245 0 3 _aLa creation d'entreprise
650 2 7 _aEmpresa
_958525
651 4 _aFrancia
_9115364
773 0 _aEn:
_tLes notes bleues de Bercy
_dParis : 2000
_w104642
_gn. 188, août, p. 1-12. - Loc. S.326
942 _cAREV
999 _c69350
_d69350